Ποιός Δι΄ωχνει τις Επιχειρήσεις από την Ελλάδα (Record no. 9213)
[ view plain ]
| 000 -LEADER | |
|---|---|
| fixed length control field | 01228cam a22001814a 4500 |
| 005 - ΗΜΕΡΟΜΗΝΙΑ ΚΑΙ ΩΡΑ ΤΕΛΕΥΤΑΙΑΣ ΕΝΗΜΕΡΩΣΗΣ | |
| Πεδίο ελέγχου | 20250605164356.0 |
| 008 - FIXED-LENGTH DATA ELEMENTS--GENERAL INFORMATION | |
| Πεδίο ελέγχου σταθερού μήκους | 250528s ||||||||||||||||||||||||d |
| 035 ## - SYSTEM CONTROL NUMBER | |
| System control number | 24324 |
| 040 ## - ΠΗΓΗ ΚΑΤΑΛΟΓΟΓΡΑΦΗΣΗΣ | |
| Φορέας πρωτότυπης καταλογογράφησης | MC Athens Campus Library |
| Γλώσσα καταλογογράφησης | Ελληνικά, Μοντέρνα (1453-) |
| Modifying agency | MC Athens Campus Library |
| Κανόνες περιγραφικής καταλογογράφησης | AACR2 |
| 245 1# - ΤΙΤΛΟΣ ΚΑΙ ΔΗΛΩΣΗ ΥΠΕΥΘΥΝΟΤΗΤΑΣ | |
| Τίτλος | Ποιός Δι΄ωχνει τις Επιχειρήσεις από την Ελλάδα |
| 260 ## - PUBLICATION, DISTRIBUTION, ETC. | |
| Name of publisher, distributor, etc. | Εμπορικό Και Βιομηχανικό Επιμελητήριο Αθηνών, |
| Date of publication, distribution, etc. | 2016 |
| 300 ## - PHYSICAL DESCRIPTION | |
| Extent | 64 |
| 520 ## - SUMMARY, ETC. | |
| Summary, etc. | Horizon 2020: Το Πρόγραμμα-Πλαίσιο της Ε.Ε. για την Έρευνα και την Καινοτομία, Η Αβεβαιότητα από την μη Ολοκλήρωση της Αξιολόγησης που Σκοτώνει την Αγορά, Διαπραγματεύσεις σε Κλίμα Καχυποψίας, Φόροι και Νέα Μέτρα Βυθίζουν την Αγορά, Νέα Δράσης Ενίσχυσης Τουριστικών Επιχειρήσεων, Έρευνα για τον Γεωγραφικό Αποκλεισμό, Ποιοί Διοικούν Σήμερα τις Επιχειρήσεις. |
| 700 1# - ΠΡΟΣΘΕΤΗ ΑΝΑΓΡΑΦΗ--ΦΥΣΙΚΟ ΠΡΟΣΩΠΟ | |
| Personal name | Μίχαλος Κωνσταντίνος |
| 9 (RLIN) | 4319 |
| 942 ## - ADDED ENTRY ELEMENTS (KOHA) | |
| Koha item type | Περιοδικά Δημοσιεύματα |
| Τύπος τεκμηρίου | Βιβλιοθήκη | Τρέχουσα τοποθεσία | Barcode | Ημερομηνία απόκτησης | Ταξιθετικό σύμβολο | Αριθμός αντιτύπου | Αρίθμηση σειρών / χρονολογία | Κατάσταση απόσυρσης | Κατάσταση χαμένου | Κατάσταση κατεστραμμένου | Μη δανεισμός | Σύνολο δανεισμών | Ημερομηνία τελευταίας εμφάνισης | Η τιμή ισχύει από |
|---|---|---|---|---|---|---|---|---|---|---|---|---|---|---|
| Περιοδικά Δημοσιεύματα | MC Athens Campus Library | MC Athens Campus Library | 9780000092120 | 05/06/2025 | ΑΝΑΠΤΥΞΗ | 1 | 4 | 05/06/2025 | 05/06/2025 |